Burial cave 2 in the Azor-Holon cemetery: An early bronze age I tomb with egyptian finds
| Authors: | ; ; |
|---|---|
| Format: | Print Article |
| Language: | English |
| Check availability: | HBZ Gateway |
| Interlibrary Loan: | Interlibrary Loan for the Fachinformationsdienste (Specialized Information Services in Germany) |
| Published: |
2008
|
| In: |
Ägypten und Levante
Year: 2008, Volume: 17, Pages: 59-71 |
| Standardized Subjects / Keyword chains: | B
Egypt (Antiquity)
/ Culture
|
| RelBib Classification: | HH Archaeology TC Pre-Christian history ; Ancient Near East |
| Further subjects: | B
Azor
B Grave B Bronze Age |
MARC
| LEADER | 00000naa a22000002c 4500 | ||
|---|---|---|---|
| 001 | 165046584X | ||
| 003 | DE-627 | ||
| 005 | 20190311213931.0 | ||
| 007 | tu | ||
| 008 | 190311s2008 xx ||||| 00| ||eng c | ||
| 035 | |a (DE-627)165046584X | ||
| 035 | |a (DE-576)519569148 | ||
| 035 | |a (DE-599)BSZ519569148 | ||
| 040 | |a DE-627 |b ger |c DE-627 |e rakwb | ||
| 041 | |a eng | ||
| 084 | |a 1 |2 ssgn | ||
| 100 | 1 | |0 (DE-588)1147202796 |0 (DE-627)1008558532 |0 (DE-576)421139633 |4 aut |a Brink, Edwin C. M. van den | |
| 109 | |a Brink, Edwin C. M. van den |a Brink, Edwin C. van den |a Van den Brink, Edwin C. |a Den Brink, Edwin C. van |a VandenBrink, Edwin C. | ||
| 245 | 1 | 0 | |a Burial cave 2 in the Azor-Holon cemetery: An early bronze age I tomb with egyptian finds |
| 264 | 1 | |c 2008 | |
| 336 | |a Text |b txt |2 rdacontent | ||
| 337 | |a ohne Hilfsmittel zu benutzen |b n |2 rdamedia | ||
| 338 | |a Band |b nc |2 rdacarrier | ||
| 650 | 0 | 7 | |0 (DE-588)4021716-4 |0 (DE-627)106312588 |0 (DE-576)208939539 |a Grab |2 gnd |
| 650 | 0 | 7 | |0 (DE-588)4008357-3 |0 (DE-627)106368494 |0 (DE-576)208875883 |a Bronzezeit |2 gnd |
| 651 | 7 | |0 (DE-588)4276846-9 |0 (DE-627)703237837 |0 (DE-576)210721707 |a Azor |2 gnd | |
| 652 | |a HH:TC | ||
| 689 | 0 | 0 | |d g |0 (DE-588)4068430-1 |0 (DE-627)106105639 |0 (DE-576)209173815 |2 gnd |a Ägypten |g Altertum |
| 689 | 0 | 1 | |d s |0 (DE-588)4125698-0 |0 (DE-627)104470348 |0 (DE-576)209578750 |2 gnd |a Kultur |
| 689 | 0 | |5 (DE-627) | |
| 700 | 1 | |0 (DE-588)124245064 |0 (DE-627)085733059 |0 (DE-576)215569733 |4 aut |a Gôfnâ, Rām |d 1928- | |
| 700 | 1 | |0 (DE-588)136678807 |0 (DE-627)585462364 |0 (DE-576)162460511 |4 aut |a Ovadiah, Asher |d 1937- | |
| 773 | 0 | 8 | |i In |t Ägypten und Levante |d Wien : Österr. Akad. der Wiss., 1990 |g 17(2008), Seite 59-71 |w (DE-627)170396169 |w (DE-600)1051297-4 |w (DE-576)025005537 |x 1015-5104 |7 nnas |
| 773 | 1 | 8 | |g volume:17 |g year:2008 |g pages:59-71 |
| 935 | |a BIIN | ||
| 951 | |a AR | ||
| BIB | |a 1 | ||
| ELC | |b 1 | ||
| ITA | |a 1 |t 1 | ||
| LOK | |0 000 xxxxxcx a22 zn 4500 | ||
| LOK | |0 001 3337006922 | ||
| LOK | |0 003 DE-627 | ||
| LOK | |0 004 165046584X | ||
| LOK | |0 005 20190311213931 | ||
| LOK | |0 008 190311||||||||||||||||ger||||||| | ||
| LOK | |0 035 |a (DE-Tue135-1)181708 | ||
| LOK | |0 040 |a DE-Tue135-1 |c DE-627 |d DE-Tue135-1 | ||
| LOK | |0 852 |a DE-Tue135-1 | ||
| LOK | |0 852 1 |c FTHAT097999/17/BKE |m p |9 00 | ||
| LOK | |0 852 2 |b Z 4/13 |9 00 | ||
| LOK | |0 935 |a iZSA | ||
| LOK | |0 936ln |0 1442044187 |a HH | ||
| LOK | |0 936ln |0 1442053569 |a TC | ||
| LOK | |0 938 |k p | ||
| LOK | |0 939 |a 11-03-19 |b l12 | ||
| ORI | |a SA-MARC-ixtheoa001.raw | ||
| REL | |a 1 | ||
| STA | 0 | 0 | |a Bronze Age,Early Bronze Age,Middle Bronze Age,Late Bronze Age,Older Bronze Age,Culture,Culture,Culture,Grave,Sepulchre |
| STB | 0 | 0 | |a Culture,Culture,Civilisation,Civilisation,Culture,Civilisation (motif),Civilisation,Tombe,Tombeau,Tombeau,Âge du bronze |
| STC | 0 | 0 | |a Cultura,Cultura,Edad del Bronce,Tumba,Sepulcro,Sepulcro |
| STD | 0 | 0 | |a Cultura,Cultura,Età del Bronzo,Tomba,Sepolcro,Sepolcro |
| STE | 0 | 0 | |a 坟墓,墓穴,文化,青铜时代,青铜器时代,铜器时代 |
| STF | 0 | 0 | |a 墳墓,墓穴,文化,青銅時代,青銅器時代,銅器時代 |
| STG | 0 | 0 | |a Cultura,Cultura,Idade do Bronze,Túmulo,Sepultura,Sepultura |
| STH | 0 | 0 | |a Бронзовый век,Культура (мотив),Культура,Могила |
| STI | 0 | 0 | |a Εποχή του Χαλκού,Εποχή του Ορείχαλκου,Πολιτισμός <μοτίβο>,Πολιτισμός,Κουλτούρα,Κουλτούρα (μοτίβο),Τάφος,Μνήμα |
| SUB | |a BIB |a REL | ||
| SYE | 0 | 0 | |a Begräbnisstätte,Begräbnisplatz,Grabstätte,Grablege,Gräber , Späte Bronzezeit,Jüngere Bronzezeit,Frühe Bronzezeit,Ältere Bronzezeit,Frühbronzezeit,Mittlere Bronzezeit,Jungbronzezeit,Spätbronzezeit |
| SYF | 0 | 0 | |a Tel Azor,Azur,Yazir,Yazor,Yazur |
| SYG | 0 | 0 | |a Ägypten,Ägypten , Aegyptus,Miṣr,Egypt,Chibet,Ghubt,Ghibt,Arabische Republik Ägypten,Dschumhūriyyat Misr al-ʿArabiyya,Ǧumhūriyyat Misr al-ʿArabiyya,República Árabe de Egipto,Ŷumhūriyyat Miṣr Al-ʿArabiyyah,Arab Republic of Egypt,Ǧumhūriyyat Miṣr al-ʿArabiyyah,Arabiese Republiek Egipte,République arabe d'Égypte,Jumhuriyyat Miṣr al-ʿArabiyyah,Repubblica Araba d'Egitto,Egyiptomi Arab Köztársaság,Mısır Arap Cumhuriyeti,Ǧumhūrīyat Miṣr al-ʿArabīya,ARE,Egypte,al- Mamlaka al-Miṣrīya,ad- Daula al-Miṣrīya,Mısır,Egapt,République d'Egypte,Republic of Egypt,Egitto,Kingdom of Egypt,Republica Arabe de Egipto,Maṣr , Culture |



